000 00329nam a22001217a 4500
020 _a9780367858780
040 _adlc
_cdlc
_ddlc
_edlc
082 _a4.678
_bDEF
245 _aWhat Every Engineer Should Know About the Internet of Things / By Mohamad Kassab
250 _a1st Editon
260 _bCRC Press
_c2022
942 _2ddc
_cBK
999 _c594894
_d594894